000
00299nam a22001337a 4500
008
190205b xxu||||| |||| 00| 0 eng d
020
_a
0679302611
041
_a
eng
080
_a
341
100
_a
19
101
_a
SHP
245
_a
The Politics & Society Reader
_c
Katznelson, I
942
_2
udc
_c
BK
999
_c
53956
_d
53956